000 01051nam a2200265 a 4500
001 43339
003 BD-RJUL
005 20211209053703.0
008 160621s1982 ii 100 0 eng d
035 _aBD-RjUL43457
040 _aBD-RjUL
_beng
_cBD-RjUL
041 _aeng
082 _223
_bSEP 1962
100 1 _aSen, Asok.
_9133123
245 1 0 _aPerspectives in social sciences.
_n2.
_pThree studies on the agrarian structure in Bengal 1850-1947 /
_cAsok Sen, Partha Chatterjee, Saugata Mukherji
260 _aCalcutta ;
_aOxford :
_bPublished for Centre for Studies in Social Sciences, Calcutta [by] Oxford University Press,
_c1982
300 _aix, 319 p. :
_bill. ;
_c23 cm
500 _aPapers of a seminar held within the Centre for Studies in Social Sciences in 1978
650 0 _aSocial sciences
_9133124
650 0 _aLand tenure
_zIndia
_zBengal
_xHistory
_9133125
700 1 _aChatterjee, Partha,
_d1947-
_9133126
700 1 _aMukherji, Saugata.
_9133127
710 2 _aCentre for Studies in Social Sciences.
_9126516
942 _2ddc
_cBK
999 _c43339
_d43339